00697nam a2200193 a 450000100060000000300080000600500170001400800410003103500190007204000400009104100080013108200220013924501900016126000310035130000350038265000220041765000300043971000340046970910BD-RjUL20211209082043.0170422s1963 enka f00010 eng d a(BD-RjUL)71124 a*EUN*c*EUN*dCStRLINdBD-RjULbeng aeng 223a378bHIG 196300aHigher education :b Appendix two (B) of the report of the committee appointed by the Prime Minister, under the chairmanship of Lord Robbins, 1961-1963. /cCommittee on Higher Education0 aLondon :bH.M.S.O.,c1963. axxxix, 623 p. :bill. ;c24 cm 0aHigher education  0aUniversities and colleges aCommittee on Higher Education